000 01174cam a2200325 i 4500
001 18302253
003 SISC
005 20160601104612.0
008 140915s2015 cau c 000 1 eng
010 _a 2014033469
020 _a9781423148067
040 _aDLC
_beng
_cDLC
_erda
_dDLC
042 _alcac
_apcc
050 0 0 _aPZ 7 .S55987
_bEd 2015
082 0 0 _a[Fic]
100 1 _aShusterman, Neal,
_eauthor.
245 1 0 _aEdison's alley /
_cNeal Shusterman and Eric Elfman.
250 _aFirst edition.
300 _a250 pages ;
_c22 cm.
490 0 _aAccelerati trilogy ;
_vbook 2
520 _a"Nick and his friends race against their foes to retrieve more pieces of Tesla's free energy transmitter, only to see them fall into the hands of the Accelerati's shadowy leader"--
600 1 1 _aTesla, Nikola,
_d1856-1943
_vFiction.
650 1 _aInventions
_vFiction.
650 1 _aScience fiction.
651 1 _aColorado Springs (Colo.)
_vFiction.
700 1 _aElfman, Eric,
_eauthor.
906 _a7
_bcbc
_corignew
_d1
_eecip
_f20
_gy-gencatlg
942 _2lcc
_cBK
999 _c294993
_d294993